Fundamentos de topología general / (Registro nro. 7518)

Detalles MARC
000 -CABECERA
Campo de control interno 01780nam a2200241Ia 4500
008 - ELEMENTOS DE LONGITUD FIJA - INFORMACIÓN GENERAL
Campo de control de longitud fija 260220t1970||||xx |||||||||||||| ||spa||
040 ## - FUENTE DE CATALOGACIÓN
Agencia de catalogación original PY-SlUNAC
Idioma de catalogación spa
Convenciones de descripción rda
041 ## - CÓDIGO DE IDIOMA
Código de idioma para texto/pista de sonido o título separado spa
082 ## - NÚMERO DE CLASIFICACIÓN DECIMAL DEWEY
Clasificación Decimal Dewey (CDD) 514
Clasificación Expansiva de Cutter (EC) B96f
100 ## - ASIENTO PRINCIPAL - NOMBRE PERSONAL
Nombre personal Bushaw, D.
Rol del autor Autor
245 #0 - TÍTULO
Título Fundamentos de topología general /
Mención de responsabilidad por D. Bushaw [Autor]
264 ## - PIE DE IMPRENTA
Lugar Ciudad de México :
Editorial Limusa,
Año ℗1970.
300 ## - DESCRIPCIÓN FÍSICA
Páginas 1 volumen
520 ## - NOTA DE RESUMEN
Nota de resumen En "Fundamentos de topología general", D. Bushaw presenta una introducción rigurosa y accesible a los conceptos fundamentales de la topología, una rama matemática que estudia las propiedades de los espacios que se conservan bajo deformaciones continuas. El texto aborda temas esenciales como los espacios topológicos, bases y sub-bases, la convergencia de filtros y las propiedades de separación, así como la compacidad y la conectividad. Bushaw también explora la relación entre la topología y otras áreas de la matemática, ofreciendo ejemplos concretos que ilustran la aplicación de los principios topológicos en contextos más amplios. A lo largo del libro, se enfatiza la importancia de la intuición visual y el pensamiento abstracto, proporcionando ejercicios que fomentan la comprensión profunda de los temas tratados. Este trabajo se convierte en un recurso valioso tanto para estudiantes como para investigadores interesados en desarrollar una base sólida en topología general, contribuyendo al entendimiento de las estructuras matemáticas subyacentes en diversas disciplinas.
653 ## - MATERIA - TÉRMINO TEMÁTICO NO CONTROLADO (PALABRAS CLAVE)
Materia - término temático no controlado (palabras clave) Fundamentos de matemáticas
653 ## - MATERIA - TÉRMINO TEMÁTICO NO CONTROLADO (PALABRAS CLAVE)
Materia - término temático no controlado (palabras clave) Matemáticas
653 ## - MATERIA - TÉRMINO TEMÁTICO NO CONTROLADO (PALABRAS CLAVE)
Materia - término temático no controlado (palabras clave) Topología
942 ## - ELEMENTOS PERSONALIZADOS (KOHA)
Fecha catalogación 2026/02/17
Tipo de documento Libros
Existencias
Fuente de Clasificacion Colección Ubicacion permanente Biblioteca actual Fecha de Ingreso a la Biblioteca Origen de adquisición Código de ubicación Código de barras Tipo de Item KOHA Nota pública
Dewey Decimal Classification Colección General (CG) Biblioteca e Internet, Facultad de Ciencias Exactas y Naturales Biblioteca e Internet, Facultad de Ciencias Exactas y Naturales 02/20/2026 Donación 514 B96f CG878 Libros Material disponible en la Biblioteca e Intenet, Campus UNA, San Lorenzo.